Gramática española (Record no. 171659)

MARC details
000 -LEADER
fixed length control field 00536nam a22001937a 4500
005 - DATE AND TIME OF LATEST TRANSACTION
control field 20250401145541.0
008 - FIXED-LENGTH DATA ELEMENTS--GENERAL INFORMATION
fixed length control field 240322b mx |||||||| |||| 00| 0 spa d
020 ## - INTERNATIONAL STANDARD BOOK NUMBER
International Standard Book Number 9789706412430
020 ## - INTERNATIONAL STANDARD BOOK NUMBER
International Standard Book Number 9706412433
050 04 - LIBRARY OF CONGRESS CALL NUMBER
Classification number PC4112
Item number M37 1999
100 1# - MAIN ENTRY--PERSONAL NAME
Personal name Marín, Emilio
245 10 - TITLE STATEMENT
Title Gramática española
Statement of responsibility, etc / Emilio Marín.
250 ## - EDITION STATEMENT
Edition statement 40a ed.
260 ## - PUBLICATION, DISTRIBUTION, ETC. (IMPRINT)
Place of publication, distribution, etc México :
Name of publisher, distributor, etc Editorial Progreso,
Date of publication, distribution, etc 1999
300 ## - PHYSICAL DESCRIPTION
Extent 336 p. :
Other physical details il. ;
Dimensions 19 cm.
500 ## - GENERAL NOTE
General note Bibliografía
650 #7 - SUBJECT ADDED ENTRY--TOPICAL TERM
Source of heading or term lemb
Topical term or geographic name as entry element Español
General subdivision Gramatica
942 ## - ADDED ENTRY ELEMENTS (KOHA)
Source of classification or shelving scheme Biblioteca del Cogreso de los Estados Unidos
Koha item type Libro
Holdings
Estado de pérdida Fuente de clasificación Estado del daño No para préstamo Ubicación permanente Ubicación actual Apartado o colección Fecha de adquisición Edición Área del conocimiento Total Checkouts Clasificación Código de Barras Date last seen Número de copia Costo por reposición Tipo de recurso
  Biblioteca del Cogreso de los Estados Unidos     Biblioteca de la Preparatoria Melchor Ocampo Biblioteca de la Preparatoria Melchor Ocampo General 01/04/2025 40a ed. Educación y Humanidades   PC4112 M37 r2007 PMO000005843 01/04/2025 1 1.00 Libro
  Biblioteca del Cogreso de los Estados Unidos     Biblioteca de la Preparatoria Melchor Ocampo Biblioteca de la Preparatoria Melchor Ocampo General 01/04/2025 40a ed. Educación y Humanidades   PC4112 M37 r2007 PMO000005844 01/04/2025 2 1.00 Libro